| 000 | 01070cam a22002892 4500 | ||
|---|---|---|---|
| 001 | 0000003440 | ||
| 005 | 20151217151925.0 | ||
| 008 | 070507s xx 000 0 eng d | ||
| 020 | _a01130348317 : | ||
| 040 |
_aKABU _cKABU |
||
| 050 | 0 |
_aKF1600 _b.K83 2003 |
|
| 100 | 1 |
_aKubasek, Nancy. _@0000153371 |
|
| 245 | 1 | 4 |
_aThe Legal environment of business : _ba critical thinking approach / _cNancy K. Kubasek, Bartley A. Brennan, M. Neil Browne. |
| 250 | _a3rd ed. | ||
| 260 |
_aUpper Saddle River, NJ : _bPrentice Hall, _cc2003. |
||
| 300 |
_axlii, 790 p. : _bill. ; _c26 cm. |
||
| 504 | _aIncludes bibliographical references and index. | ||
| 650 | 0 |
_aIndustrial laws and legislation _zUnited States. _@0000153368 |
|
| 650 | 0 |
_aTrade regulation _zUnited States. _@0000153372 |
|
| 650 | 0 |
_aBusiness law _zUnited States. _@0000153361 |
|
| 650 | 0 |
_aCritical thinking. _@0000148012 |
|
| 700 | 1 |
_aBrennan, Bartley A. _@0000153369 |
|
| 700 | 1 |
_aBrowne, M. Neil. _@0000153370 |
|
| 908 | _a070507 | ||
| 950 | _@1 | ||
| 999 |
_c6404 _d6404 |
||